Confessions of a theologian : an autobiography /

Bibliographic Details
Main Author: Henry, Carl F. H. (Carl Ferdinand Howard), 1913-2003
Format: Book
Language:English
Published: Waco, Tex. : Word Books, [1986]
Subjects:

MARC

Tag First Indicator Second Indicator Subfields
LEADER 00000pam a2200000 a 4500
001 in00000427721
005 20151012055833.0
008 860224s1986 txuc 00110aeng
010 |a  86005480  
020 |a 0849904552 
035 |a (OCoLC)13270793 
035 |9 ABV1563AM 
040 |a DLC  |c DLC  |d TXA  |d UtOrBLW 
043 |a n-us--- 
049 |a TXAM  |c [A09792211] 
050 0 0 |a BX4827.H38  |b A33 1986 
082 0 |a 230/.044/0924  |a B  |2 19 
100 1 |a Henry, Carl F. H.  |q (Carl Ferdinand Howard),  |d 1913-2003. 
245 1 0 |a Confessions of a theologian :  |b an autobiography /  |c Carl F.H. Henry. 
264 1 |a Waco, Tex. :  |b Word Books,  |c [1986] 
264 4 |c ©1986 
300 |a 416 pages :  |b portraits ;  |c 24 cm. 
336 |a text  |b txt  |2 rdacontent 
337 |a unmediated  |b n  |2 rdamedia 
338 |a volume  |b nc  |2 rdacarrier 
500 |a Includes index. 
600 1 0 |a Henry, Carl F. H.  |q (Carl Ferdinand Howard),  |d 1913-2003. 
650 0 |a Theologians  |z United States  |v Biography. 
650 0 |a Evangelicalism  |z United States  |x History  |y 20th century. 
999 |a MARS 
999 f f |s 76edc4ad-9c24-3397-af40-c3b5cc9f1c4c  |i f52d4b62-d2df-3f03-9c88-70c5891676a1  |t 0 
952 f f |p ric  |a Texas A&M University  |b Rellis Campus  |c Joint Library Facility  |d Remote Storage  |t 0  |e BX4827.H38 A33 1986  |h Library of Congress classification  |i unmediated -- volume  |m A14809792211 
998 f f |a BX4827.H38 A33 1986  |t 0  |l Remote Storage